|
|
|
|
| LEADER |
00000nab a2200000 ar4500 |
| 001 |
vtls009003062 |
| 003 |
SK-MaSNL |
| 005 |
20260319071252.0 |
| 008 |
070502c2007 xo |||||||| 000 b|hun |
| 015 |
|
|
|a SNBRB2007/05
|2 snkbucl
|
| 038 |
|
|
|a SNKBUCL
|
| 040 |
|
|
|a DSZK
|b slo
|c DSZK
|e AACR2
|
| 041 |
0 |
|
|a hun
|
| 044 |
|
|
|a xo
|c SK
|
| 080 |
|
|
|a 82.09:821.511.111-32
|2 1997
|
| 080 |
|
|
|a 821.511.111-32.09
|2 1997
|
| 100 |
1 |
|
|a Mészáros, András,
|d 1949-
|4 aut
|9 93340
|
| 245 |
1 |
0 |
|a A finn Móra történetei
|b Teuvo Pakkala: A fiús lány
|c Mészáros András
|
| 600 |
1 |
7 |
|a Pakkala, Teuvo,
|d 1862-1925
|t A fiús lány
|2 snkbucl
|9 1065717
|
| 773 |
0 |
|
|t Szabad újság
|g Évf. XV, sz. 17 (2007), o. 10
|x 1335-6631
|
| 852 |
|
|
|a SNK
|b KIS3GCP
|
| 852 |
|
|
|a DSZK
|b KIS3GCP
|
| 958 |
|
|
|a HU
|
| 958 |
|
|
|a FI
|
| 958 |
|
|
|a LX
|
| 999 |
|
|
|c 1751594
|d 1753524
|